00395 a2200109 4500082002300000110001700023245010700040260004000147300002100187650006000208710001700268 a707.956.9bAS825h2 aAshkal Alwan aHome Workspace Program 2011-12bOpen Studios 19 to 31 July 2012. Opening Wednesday July 18 from 6-9 pm aBeirut, LebanonbAshkal Alwanc2011 a29 pbillc21 cm xexhibicion-programaxartexhome workspace forumzlibano aAshkal Alwan